Účtovníctvo bez chýb, pokút a penále mesačník pre účtovníkov, daniarov, audítorov a mzdárov

Enregistré dans:
Détails bibliographiques
Format: Publication en série
Langue:slovaque
Publié: Žilina Poradca podnikateľa, s.r.o. 2001
Sujets:
Tags: Ajouter un tag
Pas de tags, Soyez le premier à ajouter un tag!

MARC

LEADER 00000nas2a2200000 4500
001 0007090
005 20160720112010.2
022 |a 1335-714X 
041 0 |a slo 
044 |a SK 
245 1 0 |a Účtovníctvo bez chýb, pokút a penále  |b mesačník pre účtovníkov, daniarov, audítorov a mzdárov 
264 1 |a Žilina  |b Poradca podnikateľa, s.r.o.  |c 2001 
300 |a 2 zv. 
773 0 |w eu_un_cat*s122060 
610 2 0 |a účtovníctvo 
610 2 0 |a účtovníctvo mzdové 
610 2 0 |a audítori